|
|
|
|
| LEADER |
00000cam a2200000 7i4500 |
| 001 |
0000006361 |
| 005 |
20200514.0 |
| 008 |
200508 my eng |
| 020 |
|
|
|a 9789837206496
|
| 040 |
|
|
|a INS
|b eng
|e rda
|
| 090 |
0 |
0 |
|a HD57.7
|b B349 2013
|
| 100 |
1 |
|
|a Bagyura, Susan ,
|e author
|
| 245 |
1 |
4 |
|a the VISIONARY LEADER :
|b How to inspire success from the top down
|c SUSAN BAGYURA
|
| 264 |
|
1 |
|a PETALING JAYA, SELANGOR :
|b GOLDEN BOOKS CENTRE SDN. BHD.
|c 2013
|
| 300 |
|
|
|a 286 pages ;
|c 23 cm.
|
| 336 |
|
|
|a text
|2 rdacontent
|
| 337 |
|
|
|a unmediated
|2 rdamedia
|
| 338 |
|
|
|a volume
|2 rdacarrier
|
| 500 |
|
|
|a Includes questions and exercises
|
| 650 |
|
0 |
|a Leadership
|
| 999 |
|
|
|a 1000003906
|b BOOK
|c Open Shelf
|e Default branch
|